ბათუმის შოთა რუსთაველის სახელმწიფო უნივერსიტეტის ბიბლიოთეკა

ნარკვევები საქართველოს ისტორიიდან ტ. 2, XV-XVII სს. / (ბიბ.ჩანაწერი № 56161)

000 -ლიდერი
ფიქსირებული სიგრძის საკონტროლო ველი 01282nam a2200241Ia 4500
001 - საკონტროლო ნომერი
საკონტროლო ველი 23262
003 - საკონტროლო ნომრის იდენტიფიკატორი
საკონტროლო ველი GE_BSU
005 - ბოლო ოპერაციის თარიღი და დრო
საკონტროლო ველი 20251203210522.0
008 - ფიქსირებული სიგრძის მონაცემთა ელემენტები - ზოგადი ინფორმაცია
ფიქსირებული სიგრძის საკონტროლო ველი 181216s1965||||ge |||||||||||||| ||geo||
040 ## - კატალოგიზაციის წყარო
Transcribing agency GE_BSU
080 ## - უნივერსალური ათობითი კლასიფიკაციის ინდექსი
Universal Decimal Classification number 94(479.22)"14/16 გ-46
100 ## - მთავარი ჩანაწერი - პიროვნების სახელი
Personal name გვრიტიშვილი, დავით
9 (RLIN) 16228
245 ## - ცნობა სათაურის შესახებ
Title ნარკვევები საქართველოს ისტორიიდან ტ. 2, XV-XVII სს. /
Statement of responsibility, etc დავით გვრიტიშვილი ; რედ. ნ. ფავლენიშვილი ; მხატვ. რ. ზედელაშვილი.
264 ## - წარმოების, გამოცემის, დისტრიბუციის და სხვა ცნობები
გამოცემის, წარმოების, დისტრიბუციის... ადგილი თბილისი :
გამოცემის, წარმოების, დისტრიბუციის... სახელწოდება საბჭ. საქართველო,
გამოცემის, წარმოების, დისტრიბუციის... თარიღი 1965,
300 ## - ფიზიკური აღწერა
Extent 512 გვ. ;
Dimensions 22 სმ.
504 ## - BIBLIOGRAPHY, ETC. NOTE
Bibliography, etc ბიბლიოგრფია შენიშვნებში
653 ## - INDEX TERM--UNCONTROLLED
Uncontrolled term ნარკვევები საქართველოს ისტორიიდან. ტ. 2, XV-XVII სს.
653 ## - INDEX TERM--UNCONTROLLED
Uncontrolled term საქართველოს ისტორია
700 ## - ADDED ENTRY--PERSONAL NAME
Personal name ფავლენიშვილი, ნ.
Relator term რედაქტორი
9 (RLIN) 3115
700 ## - ADDED ENTRY--PERSONAL NAME
Personal name ზედელაშვილი, რ.
Relator term მხატვარი
9 (RLIN) 26261
942 ## - ADDED ENTRY ELEMENTS (KOHA)
Koha item type წიგნი
Source of classification or shelving scheme
ეგზემპლარები
ჩამოწერის სტატუსი დაკარგული ეგზემპლარის სტატუსი კლასიფიკაციის წყარო ან თაროზე გაწყობის სქემა დაზიანების სტატუსი არ გაიცემა მუდმივი მდებარეობა (დაცვის ადგილი) ამჟამინდელი ადგილსამყოფელი თაროზე განთავსების ადგილი შეძენის თარიღი ღირებულება, შესყიდვის ნორმალური ფასი სრული შენახვის შიფრი შტრიხკოდი ბოლო ოპერაციის თარიღი ფასის ძალაში შესვლის თარიღი ეგზემპლარის სახეობა საჯარო შენიშვნა
          ბათუმის შოთა რუსთაველის სახელმწიფო უნივერსიტეტის მთავარი ბიბლიოთეკა ბათუმის შოთა რუსთაველის სახელმწიფო უნივერსიტეტის მთავარი ბიბლიოთეკა წიგნსაცავი 2018-12-17 2.60 94(479.22) 28268 2018-12-17 2018-12-17 წიგნი 2.60 ₾.